000 00755nam a2200205Ii 4500
003 JO-AjNU
008 230605s9999||||xx |||||||||||||| ||und||
040 _aJO-AjNU
_bara
_erda
_cJO-AjNU
041 _aara
050 1 4 _aDS63.2.C6.A3582 2013
100 3 _aتاليف أحمد، سامر خير,
_eauthor
_950197
245 0 0 _aالعرب ومستفبل الصين: اللانموذج التنموي والمصاحبة الحضارية
250 _aط1
264 3 1 _aابو ظبي: ثقافة للنشر والتوزيع، 2009
300 _a271ص
336 _atext
_btxt
_2rdacontent
337 _aunmediated
_bn
_2rdamedia
338 _avolume
_bnc
_2rdacarrier
650 4 _aالصين-علاقات خارجية-البلاد العربية
_950198
999 _aA22097
_c25665
_d25665